000 00473 a2200145 4500
005 20250616122146.0
020 _a9-780675-207683
082 _a001.64 SZY
100 _aSZYMANSKI, R. A.
245 _aIntroduction to Computers and Information Systems.
260 _aColumbus,
_bMerrill Publishing Company,
_c1988.
300 _axxx, 577p.: ill.; figure, picture, table.
_bGlossary & Index
_c25cm
700 _aSZYMANSKI, D. P, MORRIS, N. A. & PULSCHEN, D. M.
942 _2ddc
_cBKS
999 _c59
_d59